Expenditure Ceilings-A Survey /

This paper looks at the factors that have to be considered when designing an aggregate expenditure ceiling. It is argued that expenditure ceilings are effective in promoting fiscal discipline and sustainability, but that a number of trade-offs have to be made when setting up a fiscal framework that...

সম্পূর্ণ বিবরণ

গ্রন্থ-পঞ্জীর বিবরন
প্রধান লেখক: Ljungman, Gosta
বিন্যাস: পত্রিকা
ভাষা:English
প্রকাশিত: Washington, D.C. : International Monetary Fund, 2008.
মালা:IMF Working Papers; Working Paper ; No. 2008/282
অনলাইন ব্যবহার করুন:Full text available on IMF
LEADER 01516cas a2200241 a 4500
001 AALejournalIMF005490
008 230101c9999 xx r poo 0 0eng d
020 |c 5.00 USD 
020 |z 9781451871401 
022 |a 1018-5941 
040 |a BD-DhAAL  |c BD-DhAAL 
100 1 |a Ljungman, Gosta. 
245 1 0 |a Expenditure Ceilings-A Survey /  |c Gosta Ljungman. 
264 1 |a Washington, D.C. :  |b International Monetary Fund,  |c 2008. 
300 |a 1 online resource (55 pages) 
490 1 |a IMF Working Papers 
500 |a <strong>Off-Campus Access:</strong> No User ID or Password Required 
500 |a <strong>On-Campus Access:</strong> No User ID or Password Required 
506 |a Electronic access restricted to authorized BRAC University faculty, staff and students 
520 3 |a This paper looks at the factors that have to be considered when designing an aggregate expenditure ceiling. It is argued that expenditure ceilings are effective in promoting fiscal discipline and sustainability, but that a number of trade-offs have to be made when setting up a fiscal framework that will survive in a politically charged environment. The paper illustrates the discussion with a case study of medium-term aggregate expenditure ceilings in three countries: Finland, the Netherlands and Sweden. 
538 |a Mode of access: Internet 
830 0 |a IMF Working Papers; Working Paper ;  |v No. 2008/282 
856 4 0 |z Full text available on IMF  |u http://elibrary.imf.org/view/journals/001/2008/282/001.2008.issue-282-en.xml  |z IMF e-Library